El método de las transversales para el cálculo de estructuras / (Record no. 148010)

MARC details
000 -LEADER
campo de control de longitud fija 00608nam a2200157 4500
001 - NÚMERO DE CONTROL
campo de control 148010
003 - IDENTIFICADOR DE NÚMERO DE CONTROL
campo de control ES-MaACL
007 - CAMPO FIJO DE DESCRIPCIÓN FÍSICA--INFORMACIÓN GENERAL
campo de control de longitud fija t|
008 - DATOS DE LONGITUD FIJA--INFORMACIÓN GENERAL
campo de control de longitud fija 070214m19501959sp r ||||1| spa d
100 1# - ENTRADA PRINCIPAL--NOMBRE DE PERSONA
Nombre de persona Stewart, Ralph W.
9 (RLIN) 108192
245 13 - MENCIÓN DEL TÍTULO
Título El método de las transversales para el cálculo de estructuras /
Mención de responsabilidad, etc. Ralph W. Stewart ; traducido de la edición inglesa por Juan Lorenzo de Navascués y de Palacio.
260 ## - PUBLICACIÓN, DISTRIBUCIÓN, ETC.
Lugar de publicación, distribución, etc. Madrid :
Nombre del editor, distribuidor, etc. Tecnos,
Fecha de publicación, distribución, etc. [195_?] (
Fabricante Nuevas Gráficas)
300 ## - DESCRIPCIÓN FÍSICA
Extensión XI, 127 p. :
Otras características físicas il. ;
Dimensiones 25 cm.
700 1# - ENTRADA AGREGADA--NOMBRE PERSONAL
Nombre de persona Navascués y de Palacio, Juan Lorenzo de.
9 (RLIN) 85220
852 ## - LOCALIZACIÓN
Ubicación ES-MaACL
Número de control de estantería E-7473
Sublocalización o colección R.91738
Holdings
Estatus retirado Estado de pérdida Estado de daño No para préstamo Biblioteca de origen Biblioteca actual Ubicación en estantería Fecha de adquisición Fuente de adquisición Total de préstamos Signatura topográfica completa Código de barras Visto por última vez Precio de reemplazo Tipo de ítem Koha
        Biblioteca del Ateneo de Madrid Biblioteca del Ateneo de Madrid Depósito 2 17/01/2008     E-7473 1154464 23/02/2023 23/02/2023 Libro impreso